Hóa học dầu mỏ và khí : Giáo trình dùng để giảng dạy cho Đại học và Cao học trường Đại học Bách khoa Hà Nội và các trường khác

Gespeichert in:
Bibliographische Detailangaben
1. Verfasser:  Đinh, Thị Ngọ
Format: Sách
Sprache:Undetermined
Veröffentlicht:  Khoa học và Kỹ thuật  2014
Schlagworte:
Tags: Tag hinzufügen
Keine Tags, Fügen Sie den ersten Tag hinzu!
Thư viện lưu trữ: Trung tâm Thư viện - Trường Đại học Công nghiệp TP. Hồ Chí Minh
LEADER 00669nam a2200157Ia 4500
001 UIH_04898
008 231011s9999 xx 000 0 und d
082 |a  665.5 
100 |a  Đinh, Thị Ngọ 
245 0 |a  Hóa học dầu mỏ và khí : Giáo trình dùng để giảng dạy cho Đại học và Cao học trường Đại học Bách khoa Hà Nội và các trường khác 
245 0 |c  Đinh, Thị Ngọ 
260 |b  Khoa học và Kỹ thuật 
260 |c  2014 
650 |a  Dầu mỏ; Dầu khí;  
927 |a Sách 
980 |a Trung tâm Thư viện - Trường Đại học Công nghiệp TP. Hồ Chí Minh